000 00504nam a2200193Ia 4500
008 240510s9999 xx 000 0 und d
020 _a0003790812897
041 _aEng
082 _a006.32
082 _bC95
100 _aCzogala, E.: Leski, J.:
245 0 _aFuzzy and Neuro-Fuzzy Intelligent Systems : Studies in Fuzziness and Soft Computing
260 _bSpringer: Tokyo
260 _c2000
300 _a193 p.
650 _aNeural Networks : Fuzzy Logic:
942 _2ddc
942 _cRBK
999 _c27745
_d27745
945 _a1
_bMadushi Gamage
_c1
_dMadushi Gamage